[Event "Online Olym Div3 B"]
[Site "Chess.com INT"]
[Date "2020.08.08"]
[Round "6.4"]
[White "Martins, Bruno Andre Leite"]
[Black "Elias, Thabo"]
[Result "1-0"]
[WhiteElo "2204"]
[BlackElo "1807"]
[PlyCount "87"]
[EventDate "2020.08.07"]
[EventType "team-tourn (rapid)"]
[EventRounds "9"]
[EventCountry "USA"]
[SourceTitle "CBM 198"]
[Source "ChessBase"]
[SourceDate "2020.10.31"]
[SourceVersion "1"]
[SourceVersionDate "2020.10.31"]
[SourceQuality "1"]
[WhiteTeam "Portugal"]
[BlackTeam "Botswana"]
[WhiteTeamCountry "POR"]
[BlackTeamCountry "BOT"]

1. e4 d6 2. d4 Nf6 3. Nc3 g6 4. g3 Bg7 5. Bg2 0-0 6. Nge2 Nbd7 7. 0-0 c6 8. a4 Qc7 9. h3 e5 10. Be3 b6 11. g4 Bb7 12. Ng3 a6 13. f4 exd4 14. Bxd4 b5 15. axb5 axb5 16. Rxa8 Rxa8 17. g5 Ne8 18. Bxg7 Nxg7 19. Qd2 b4 20. Nd1 c5 21. Ne3 Nb6 22. Rd1 Rd8 23. b3 Ne6 24. Ng4 Nd4 25. Ne2 Nxe2+ 26. Qxe2 Kg7 27. Qf2 c4 28. Qd4+ Kg8 29. Nf6+ Kf8 30. Nxh7+ Kg8 31. Nf6+ Kf8 32. Ng4 cxb3 33. Qh8+ Ke7 34. Qf6+ Kf8 35. cxb3 Nc8 36. Nh6 Ke8 37. Qg7 Qe7 38. Ng4 Qf8 39. Qd4 Qe7 40. Qxb4 Kf8 41. Qd4 Ke8 42. Bf1 Bc6 43. b4 Qxe4 44. Nf6+ 1-0

[Event "Online Olym Div3 B"]
[Site "Chess.com INT"]
[Date "2020.08.07"]
[Round "3.3"]
[White "Elias, Thabo"]
[Black "Ammar, Sedrani"]
[Result "0-1"]
[WhiteElo "1807"]
[BlackElo "2274"]
[PlyCount "112"]
[EventDate "2020.08.07"]
[EventType "team-tourn (rapid)"]
[EventRounds "9"]
[EventCountry "USA"]
[SourceTitle "CBM 198"]
[Source "ChessBase"]
[SourceDate "2020.10.31"]
[SourceVersion "1"]
[SourceVersionDate "2020.10.31"]
[SourceQuality "1"]
[WhiteTeam "Botswana"]
[BlackTeam "United Arab Emirates"]
[WhiteTeamCountry "BOT"]
[BlackTeamCountry "UAE"]

1. d4 d5 2. Nc3 Bf5 3. f3 e6 4. e4 Bg6 5. Be3 Bb4 6. e5 c5 7. f4 Nc6 8. Nf3 Nge7 9. Bb5 0-0 10. 0-0 Nf5 11. Bf2 Ncxd4 12. Nxd4 Nxd4 13. Bd3 Bxd3 14. Qxd3 Nc6 15. Qh3 c4 16. Rad1 Re8 17. Ne4 Be7 18. Qg4 b6 19. Ng3 Kh8 20. Qh5 g6 21. Qf3 Bc5 22. Bxc5 bxc5 23. Qf2 Qe7 24. c3 Rab8 25. Rb1 Rb5 26. Qc2 Reb8 27. b3 Qb7 28. Nh1 cxb3 29. axb3 Rxb3 30. Rbc1 c4 31. Nf2 a5 32. Qe2 Ne7 33. Qg4 Nf5 34. Qg5 Qe7 35. Qxe7 Nxe7 36. Nd1 a4 37. Ra1 a3 38. Kf2 d4 39. cxd4 Nd5 40. Ke2 Rb2+ 41. Nxb2 axb2 42. Rab1 c3 43. Kd3 c2 44. Kxc2 Ne3+ 45. Kc3 Nxf1 46. Rxb2 Rxb2 47. Kxb2 Ne3 48. g3 Nf1 49. g4 h5 50. gxh5 gxh5 51. f5 Nxh2 52. d5 exd5 53. Kc3 Nf3 54. e6 fxe6 55. fxe6 Kg7 56. Kb4 Kf6 0-1

[Event "Online Olym Div3 B"]
[Site "Chess.com INT"]
[Date "2020.08.07"]
[Round "2.2"]
[White "Sharifov, Mekhriddin"]
[Black "Elias, Thabo"]
[Result "1-0"]
[WhiteElo "1922"]
[BlackElo "1807"]
[PlyCount "49"]
[EventDate "2020.08.07"]
[EventType "team-tourn (rapid)"]
[EventRounds "9"]
[EventCountry "USA"]
[SourceTitle "CBM 198"]
[Source "ChessBase"]
[SourceDate "2020.10.31"]
[SourceVersion "1"]
[SourceVersionDate "2020.10.31"]
[SourceQuality "1"]
[WhiteTeam "Tajikistan"]
[BlackTeam "Botswana"]
[WhiteTeamCountry "TJK"]
[BlackTeamCountry "BOT"]

1. e4 c5 2. Nf3 Nc6 3. d4 cxd4 4. Nxd4 g6 5. c4 Bg7 6. Be3 d6 7. Nc3 Nf6 8. Be2 0-0 9. 0-0 Bd7 10. f3 a6 11. Qd2 Re8 12. Rfd1 Qc7 13. Rac1 Nxd4 14. Bxd4 Qa5 15. a3 Qd8 16. b4 b6 17. Bf1 Qc7 18. Bxf6 exf6 19. Qxd6 Qxd6 20. Rxd6 Be6 21. Nd5 Rad8 22. Rxb6 Bh6 23. Rc3 Bxd5 24. cxd5 Rc8 25. Rbc6 1-0

[Event "BOT-ch op"]
[Site "Gaborone"]
[Date "2018.03.31"]
[Round "4.2"]
[White "Elias, Thabo"]
[Black "Mapini, Otsile"]
[Result "1-0"]
[WhiteElo "1739"]
[BlackElo "1969"]
[PlyCount "63"]
[EventDate "2018.03.30"]
[EventType "tourn"]
[EventRounds "9"]
[EventCountry "BOT"]
[SourceTitle "EXT 2024"]
[Source "ChessBase"]
[SourceDate "2023.10.10"]
[SourceVersion "1"]
[SourceVersionDate "2023.10.10"]
[SourceQuality "1"]

1. d4 d5 2. Nc3 f5 3. Bf4 e6 4. e3 Nf6 5. h3 Bd6 6. Nf3 0-0 7. g4 Ne4 8. gxf5 Nxc3 9. bxc3 exf5 10. Ne5 a6 11. Qf3 Be6 12. Rg1 Be7 13. Qg3 Bf6 14. h4 c5 15. h5 Qa5 16. Kd2 cxd4 17. exd4 Nc6 18. Nxc6 bxc6 19. Bc7 Qa4 20. Be5 g6 21. hxg6 h6 22. Bxf6 Rxf6 23. Qh2 Qa3 24. Qxh6 Qe7 25. Rb1 a5 26. Bd3 Rd8 27. Rg2 Re8 28. Rh1 Qg7 29. Qg5 Re7 30. Rh7 Rxg6 31. Rxg7+ Rgxg7 32. Qh6 1-0

[Event "BOT-ch op"]
[Site "Gaborone"]
[Date "2018.03.30"]
[Round "2.3"]
[White "Elias, Thabo"]
[Black "Gaealafshwe, Barileng"]
[Result "0-1"]
[WhiteElo "1739"]
[BlackElo "2144"]
[PlyCount "84"]
[EventDate "2018.03.30"]
[EventType "tourn"]
[EventRounds "9"]
[EventCountry "BOT"]
[SourceTitle "EXT 2024"]
[Source "ChessBase"]
[SourceDate "2023.10.10"]
[SourceVersion "1"]
[SourceVersionDate "2023.10.10"]
[SourceQuality "1"]

1. d4 d5 2. Nc3 Nf6 3. Bg5 c6 4. Qd3 e6 5. e4 dxe4 6. Nxe4 Nbd7 7. Nf3 Be7 8. Nxf6+ Nxf6 9. Be2 0-0 10. h4 c5 11. dxc5 Qxd3 12. Bxd3 Bxc5 13. 0-0 h6 14. Bd2 b6 15. b4 Be7 16. g3 Bb7 17. Nh2 Rfd8 18. Rfd1 Rac8 19. Be1 Bd5 20. a4 Bc4 21. a5 Nd5 22. b5 Bf6 23. Ra4 Bxd3 24. cxd3 Rc2 25. axb6 axb6 26. Ng4 Rb2 27. Nxf6+ gxf6 28. Raa1 Rxb5 29. Rab1 Rxb1 30. Rxb1 Rb8 31. Bd2 h5 32. Rb5 f5 33. Kf1 Kf8 34. Ke1 Ke8 35. Kd1 Kd7 36. Rb1 Ra8 37. Rb2 Ra3 38. Kc2 Kc6 39. Be1 b5 40. Bd2 Kc5 41. Rb1 b4 42. Rb2 b3+ 0-1

[Event "BOT-ch op"]
[Site "Gaborone"]
[Date "2018.03.30"]
[Round "3.4"]
[White "Notha, Moakofi"]
[Black "Elias, Thabo"]
[Result "1/2-1/2"]
[WhiteElo "2033"]
[BlackElo "1739"]
[PlyCount "112"]
[EventDate "2018.03.30"]
[EventType "tourn"]
[EventRounds "9"]
[EventCountry "BOT"]
[SourceTitle "EXT 2024"]
[Source "ChessBase"]
[SourceDate "2023.10.10"]
[SourceVersion "1"]
[SourceVersionDate "2023.10.10"]
[SourceQuality "1"]

1. e4 d6 2. Nf3 Nf6 3. c3 c6 4. d3 e5 5. g3 Be7 6. Bg2 0-0 7. 0-0 Re8 8. Nbd2 Nbd7 9. a4 d5 10. Re1 Bf8 11. Nf1 Qc7 12. Qc2 dxe4 13. dxe4 g6 14. Bg5 Bg7 15. Rad1 Nc5 16. b4 Ne6 17. Bc1 a5 18. Bb2 Nd7 19. Ne3 Nb6 20. Ra1 Nf8 21. Bf1 h6 22. bxa5 Rxa5 23. c4 Nbd7 24. Bc3 Ra8 25. Red1 Ne6 26. Bh3 Ndc5 27. Bg2 Kh7 28. h4 b6 29. h5 Ba6 30. Bf1 Rad8 31. Ng4 Nd4 32. Bxd4 exd4 33. Bd3 Bc8 34. hxg6+ fxg6 35. Ngh2 Nxd3 36. Qxd3 c5 37. Nd2 Bd7 38. Ra3 Ra8 39. Rda1 Ra7 40. R1a2 Rea8 41. Qb3 Qc6 42. Nhf3 Bg4 43. Ne1 Be5 44. Nd3 Bc7 45. Kg2 Bd7 46. Nb2 Rf8 47. Qd1 Qe6 48. Qh1 Bc6 49. f3 g5 50. Qh5 Be8 51. Qh3 Qxh3+ 52. Kxh3 Bd7+ 53. Kg2 Rfa8 54. Ra1 Kg6 55. g4 Rh8 56. Rh1 h5 1/2-1/2

[Event "African Schools-ch U17"]
[Site "Lusaka"]
[Date "2016.12.16"]
[Round "8.4"]
[White "Ngoma, Isaac"]
[Black "Elias, Thabo"]
[Result "0-1"]
[WhiteElo "1589"]
[BlackElo "1503"]
[PlyCount "46"]
[EventDate "2016.12.11"]
[EventType "swiss"]
[EventRounds "9"]
[EventCountry "ZAM"]
[SourceTitle "EXT 2024"]
[Source "ChessBase"]
[SourceDate "2023.10.10"]
[SourceVersion "1"]
[SourceVersionDate "2023.10.10"]
[SourceQuality "1"]

1. e4 c5 2. Nf3 Nc6 3. d4 cxd4 4. Nxd4 g6 5. c4 Bg7 6. Be3 Nf6 7. Nc3 Ng4 8. Qxg4 Nxd4 9. Qd1 Ne6 10. Qd2 0-0 11. h4 f6 12. f4 b6 13. h5 Nc7 14. hxg6 hxg6 15. g4 Kf7 16. Rh7 Rh8 17. Rxh8 Bxh8 18. Bg2 Bb7 19. 0-0-0 e6 20. e5 Bxg2 21. Qxg2 fxe5 22. fxe5 Bxe5 23. Qe4 Qh8 0-1

[Event "African Schools-ch U17"]
[Site "Lusaka"]
[Date "2016.12.12"]
[Round "2.1"]
[White "Wakunguma, Nyambe"]
[Black "Elias, Thabo"]
[Result "0-1"]
[WhiteElo "1662"]
[BlackElo "1503"]
[PlyCount "108"]
[EventDate "2016.12.11"]
[EventType "swiss"]
[EventRounds "9"]
[EventCountry "ZAM"]
[SourceTitle "EXT 2024"]
[Source "ChessBase"]
[SourceDate "2023.10.10"]
[SourceVersion "1"]
[SourceVersionDate "2023.10.10"]
[SourceQuality "1"]

1. d4 f5 2. Nf3 Nf6 3. c4 e6 4. a3 c6 5. Nc3 d5 6. Bf4 Bd6 7. Bxd6 Qxd6 8. e3 0-0 9. Be2 Bd7 10. Ne5 Be8 11. 0-0 Nbd7 12. f4 Qe7 13. cxd5 cxd5 14. Rc1 Nxe5 15. fxe5 Ne4 16. Nxe4 fxe4 17. Rxf8+ Kxf8 18. Bg4 Bc6 19. Qe2 Kg8 20. b4 a6 21. Qc2 Re8 22. Rf1 Bb5 23. Rf4 Bc4 24. Qf2 Rc8 25. Qh4 Qd7 26. Qh3 Rc6 27. Qg3 Bb5 28. h3 Qe7 29. Bh5 Rc1+ 30. Kh2 Be8 31. Bxe8 Qxe8 32. Qf2 Rc3 33. Rg4 Qf7 34. Rf4 Qe7 35. a4 Rb3 36. Qc2 g5 37. Rf8+ Qxf8 38. Qxb3 Qc8 39. b5 Qc4 40. Qa3 Qd3 41. Qc1 axb5 42. Qc8+ Kg7 43. Qd7+ Kf8 44. Qd6+ Ke8 45. Qxe6+ Kd8 46. Qxd5+ Kc7 47. Qd6+ Kc8 48. Qf8+ Kc7 49. Qe7+ Kc8 50. Qxg5 b4 51. e6 Qc4 52. Qe5 Qc7 53. Qxc7+ Kxc7 54. d5 b3 0-1